000 01036cam a22002054a 4500
005 20250605164038.0
008 250528s ||||||||||||||||||||||||d
035 _a16883
020 _a9604314920
040 _aGR-AtMCL
_bgre
_dGR-AtMCL
_eAACR2
245 1 _aΦυσική / Εισαγωγή στη Μηχανική
260 _bΖήτη,
_c1998
300 _a448
520 _aΠρόλογος, Βασικές Εισαγωγικές Έννοιες, Κίνηση, Δυνάμεις, Συστήματα Αναφοράς, Οι Νόμοι της Διατήρησης, Συστήματα Υλικών Σωμάτων, Στατική του Στέρεου Σώματος, Δυναμική του Στέρεου Σώματος, Ταλαντώσεις, Κύματα σε Ελαστικά Μέσα, Μηχανική των Συνεχών Μέσων, Σχετικότητα, Παραρτήματα.
700 1 _aΚαρακώστας Θ
_92972
700 1 _aΚυριάκος Δ. Σ
_92973
942 _cBK
999 _c2334
_d2334